书目信息 |
| 题名: |
经济学新辞典
|
|
| 作者: | 高叔康 编著 | |
| 分册: | ||
| 出版信息: |
|
|
| 页数: | 598页 | |
| 开本: | 21cm | |
| 丛书名: | ||
| 单 册: | ||
| 中图分类: | F0-61 | |
| 科图分类: | ||
| 主题词: | 政治经济学 | |
| 电子资源: | ||
| ISBN: | ||
| 000 | 00432nam0 2200157 450 | |
| 001 | 0654067952 | |
| 005 | 20060801150226.25 | |
| 100 | @a20060801d km y0chiy0120 ea | |
| 101 | 0 | @achi |
| 200 | 1 | @a经济学新辞典@Ajing ji xue xin ci dian@f高叔康编著@Fgao shu kang bian zhu |
| 215 | @a598页@d21cm | |
| 606 | 0 | @a政治经济学 |
| 690 | @aF0-61@v3 | |
| 701 | 0 | @a高叔康@Agao shu kang@4编著 |
| 801 | 0 | @aCN@bPFT@c20060801 |
| 905 | @a10447@dF0-61@e206 | |
| 经济学新辞典/高叔康编著 |
| 598页;21cm |
| ISBN : |
| ● |
| 相关链接 |
|
|
|
|
正题名:经济学新辞典
索取号:F0-61/206
 
预约/预借
| 序号 | 登录号 | 条形码 | 馆藏地/架位号 | 状态 | 备注 |
| 1 | 0210457 | 002056606 | 第一样本阅览室/ [索取号:F0-61/206] | 在馆 | |
| 2 | 0441247 | 204412475 | 密集书库/ [索取号:F0-61/206] | 在馆 |